[Event "Gatineau op U2000"]
[Site "Gatineau CAN"]
[Date "2025.04.12"]
[Round "2.28"]
[White "Gauthier, Denis"]
[Black "Vanier, Edouard"]
[Result "0-1"]
[WhiteElo "1810"]
[BlackElo "1644"]
[WhiteFideId "-1"]
[WhiteFideId "-1"]
[PlyCount "92"]
[GameId "2169130973179316"]
[EventDate "2025.04.11"]
[EventType "swiss"]
[EventRounds "5"]
[EventCountry "CAN"]

1. d4 Nf6 2. c4 e6 3. Nf3 d5 4. Nc3 Bb4 5. e3 O-O 6. Bd3 dxc4 7. Bxc4 c5 8. a3 Ba5 9. dxc5 Qxd1+ 10. Kxd1 Bxc3 11. bxc3 Ne4 12. Kc2 Nxf2 13. Rf1 Ne4 14. a4 Nxc5 15. Ba3 b6 16. a5 Bb7 17. Rfd1 Be4+ 18. Kb2 Nbd7 19. Bb5 Rfd8 20. axb6 axb6 21. Bb4 Nf6 22. Rxa8 Rxa8 23. Bc4 h6 24. h3 Nd5 25. Bxd5 Bxd5 26. Ra1 Nd3+ 27. Kb1 Rxa1+ 28. Kxa1 Nxb4 29. cxb4 Bxf3 30. gxf3 b5 31. Kb2 e5 32. Kc3 f6 33. Kd3 Kf7 34. Ke4 Ke6 35. Kd3 g5 36. Ke4 h5 37. Kd3 Kd5 38. e4+ Ke6 39. Ke3 f5 40. Kf2 Kf6 41. Kg3 Kg6 42. Kf2 fxe4 43. fxe4 h4 44. Kg2 Kh5 45. Kf3 g4+ 46. hxg4+ Kg5 0-1

[Event "Gatineau op U2000"]
[Site "Gatineau CAN"]
[Date "2025.04.12"]
[Round "2.29"]
[White "Palsson, Halldor"]
[Black "Lagace, Tyler"]
[Result "1-0"]
[WhiteElo "1808"]
[BlackElo "1500"]
[WhiteFideId "-1"]
[WhiteFideId "-1"]
[PlyCount "91"]
[GameId "2169134423117244"]
[EventDate "2025.04.11"]
[EventType "swiss"]
[EventRounds "5"]
[EventCountry "CAN"]

1. d4 d6 2. c4 e5 3. d5 f5 4. Nc3 Nf6 5. f3 Be7 6. e4 a5 7. Bd3 fxe4 8. fxe4 Na6 9. Nf3 Bg4 10. Be3 Nd7 11. Qd2 Nac5 12. O-O-O Nxd3+ 13. Qxd3 Bxf3 14. gxf3 Bg5 15. Rdg1 Nc5 16. Qd2 Bxe3 17. Qxe3 Qf6 18. Rg3 O-O-O 19. Kc2 Rdf8 20. Rhg1 g6 21. b3 Qf4 22. Kd2 Nd7 23. Ne2 Qxe3+ 24. Kxe3 Nf6 25. f4 Nh5 26. Rf3 exf4+ 27. Nxf4 Nxf4 28. Rxf4 Rxf4 29. Kxf4 Rf8+ 30. Ke3 Kd7 31. h4 Ke7 32. h5 Kf6 33. hxg6 hxg6 34. Rf1+ Kg7 35. Rxf8 Kxf8 36. Kf4 Ke7 37. Kg5 Kf7 38. a3 b6 39. b4 axb4 40. axb4 Kg7 41. e5 dxe5 42. c5 Kf7 43. d6 Ke6 44. dxc7 Kd7 45. cxb6 Kc8 46. Kg4 1-0

[Event "Gatineau op U2000"]
[Site "Gatineau CAN"]
[Date "2025.04.12"]
[Round "2.30"]
[White "Guliyev, Nadir"]
[Black "Thompson, Francis"]
[Result "1/2-1/2"]
[WhiteElo "1633"]
[BlackElo "1791"]
[WhiteFideId "-1"]
[WhiteFideId "-1"]
[PlyCount "81"]
[GameId "2169167768378823"]
[EventDate "2025.04.11"]
[EventType "swiss"]
[EventRounds "5"]
[EventCountry "CAN"]

1. d4 Nf6 2. c4 g6 3. Nc3 d5 4. Bg5 Bg7 5. Bxf6 exf6 6. Nxd5 O-O 7. e3 Re8 8. Be2 f5 9. Nf3 c5 10. O-O Nc6 11. dxc5 Bxb2 12. Rb1 Bg7 13. Qc2 f4 14. Nxf4 Qe7 15. Nd5 Qxc5 16. Nc7 Bf5 17. Qa4 Bxb1 18. Rxb1 Qa5 19. Qxa5 Nxa5 20. Nxa8 Rxa8 21. Rb5 b6 22. c5 Rc8 23. cxb6 axb6 24. Rxb6 Rc2 25. Rb8+ Bf8 26. Bf1 Kg7 27. Nd4 Rxa2 28. Ra8 Bb4 29. Nc6 Be1 30. h3 Bxf2+ 31. Kh2 Be1 32. Bc4 Rc2 33. Nxa5 Bxa5 34. Rxa5 Rxc4 35. Kg3 h5 36. Kf3 h4 37. Rg5 f5 38. g3 Kf6 39. gxh4 Rxh4 40. Rg3 g5 41. Kf2 1/2-1/2

[Event "Gatineau op U2000"]
[Site "Gatineau CAN"]
[Date "2025.04.12"]
[Round "2.31"]
[White "Thibault, Mario"]
[Black "Sethi, Aaron"]
[Result "0-1"]
[WhiteElo "1604"]
[BlackElo "1773"]
[WhiteFideId "-1"]
[WhiteFideId "-1"]
[PlyCount "98"]
[GameId "2169169363480015"]
[EventDate "2025.04.11"]
[EventType "swiss"]
[EventRounds "5"]
[EventCountry "CAN"]

1. e4 c6 2. Nf3 d5 3. exd5 cxd5 4. Ne5 Nc6 5. d4 Nf6 6. c3 g6 7. Bb5 Bd7 8. Nxd7 Qxd7 9. Nd2 a6 10. Bd3 Bg7 11. O-O O-O 12. Re1 Qc7 13. Nf3 Rfe8 14. Ne5 Nxe5 15. dxe5 Ne4 16. Bf4 Rad8 17. Qc2 Nc5 18. Rad1 b5 19. a3 Rc8 20. Bf1 Ne6 21. Qd2 Red8 22. Qe3 Qc5 23. Qg3 Qc6 24. Bg5 Rd7 25. Qh4 Qc7 26. Qg3 Rcd8 27. Qe3 d4 28. cxd4 Rxd4 29. Rxd4 Rxd4 30. Bh6 Rd5 31. Bxg7 Kxg7 32. g3 Rc5 33. Bg2 Rc2 34. Bd5 Rxb2 35. Rc1 Rc2 36. Rxc2 Qxc2 37. Kg2 Qc5 38. Qf3 a5 39. h4 h5 40. Qe4 Qxa3 41. Bxe6 fxe6 42. Qc6 Qb3 43. Qc7 Qb4 44. Qc6 Qc4 45. Qe8 Qc5 46. Qb8 b4 47. Qe8 b3 48. Qa4 Qb4 49. Qd7 b2 0-1

[Event "Gatineau op U2000"]
[Site "Gatineau CAN"]
[Date "2025.04.12"]
[Round "2.32"]
[White "Dukkardt, Vladimir"]
[Black "Martinez, Noah"]
[Result "1/2-1/2"]
[WhiteElo "1772"]
[BlackElo "1291"]
[WhiteFideId "-1"]
[WhiteFideId "-1"]
[PlyCount "73"]
[GameId "2169193972276695"]
[EventDate "2025.04.11"]
[EventType "swiss"]
[EventRounds "5"]
[EventCountry "CAN"]

1. e4 e5 2. Nf3 Nc6 3. Bb5 a6 4. Ba4 Nf6 5. O-O Be7 6. Re1 b5 7. Bb3 O-O 8. h3 d5 9. exd5 Nxd5 10. Nxe5 Nxe5 11. Rxe5 c6 12. d4 Bd6 13. Re1 Qh4 14. Qd3 Qf6 15. Nc3 Bf5 16. Nxd5 cxd5 17. Qf3 Rae8 18. Bd2 Qxd4 19. Bc3 Qf4 20. Qxf4 Bxf4 21. Bxd5 Bxc2 22. Bb4 Rxe1+ 23. Rxe1 Rd8 24. Re7 Bg6 25. Ra7 h6 26. Ra8 Rxa8 27. Bxa8 Bc7 28. Bc5 f6 29. Kf1 Bf7 30. b3 a5 31. Bc6 a4 32. Bxb5 axb3 33. axb3 Bxb3 34. Ke2 Kf7 35. Ke3 Bd5 36. g3 g5 37. Bd3 1/2-1/2

[Event "Gatineau op U2000"]
[Site "Gatineau CAN"]
[Date "2025.04.12"]
[Round "2.33"]
[White "Nazareno, Merlin"]
[Black "Beardall, Ben"]
[Result "1-0"]
[WhiteElo "1966"]
[BlackElo "1725"]
[WhiteFideId "-1"]
[WhiteFideId "-1"]
[PlyCount "87"]
[GameId "2169196129615327"]
[EventDate "2025.04.11"]
[EventType "swiss"]
[EventRounds "5"]
[EventCountry "CAN"]

1. d4 Nf6 2. Nc3 d5 3. Bg5 e6 4. e4 Bb4 5. e5 h6 6. Bh4 g5 7. exf6 gxh4 8. Qf3 Nd7 9. O-O-O Bxc3 10. Qxc3 Nxf6 11. Nh3 Ne4 12. Qe3 Qf6 13. Bd3 Nd6 14. Nf4 Qg5 15. Rhe1 Bd7 16. Kb1 O-O-O 17. Qf3 Bb5 18. Re5 Qf6 19. Bxb5 Nxb5 20. Qe3 Nd6 21. b3 Kb8 22. f3 Nf5 23. Qd2 h5 24. c3 Rd6 25. Nd3 b6 26. Kb2 Rg8 27. Re2 Ne7 28. Ne5 Ng6 29. Nd3 Kb7 30. b4 Qd8 31. Qc2 Qd7 32. a4 Qc6 33. b5 Qd7 34. Qb3 c6 35. Ra1 cxb5 36. axb5 Ra8 37. Nc5+ bxc5 38. dxc5 Qc7 39. cxd6 Qxd6 40. Ra6 Qc5 41. Rc6 Qe7 42. Qa4 Qd8 43. Qa6+ Kb8 44. b6 1-0

[Event "Gatineau op U2000"]
[Site "Gatineau CAN"]
[Date "2025.04.12"]
[Round "2.34"]
[White "Bastien, Andre"]
[Black "Ng, Wai Ho"]
[Result "0-1"]
[WhiteElo "1724"]
[BlackElo "1896"]
[WhiteFideId "-1"]
[WhiteFideId "-1"]
[PlyCount "70"]
[GameId "2169198318640615"]
[EventDate "2025.04.11"]
[EventType "swiss"]
[EventRounds "5"]
[EventCountry "CAN"]

1. Nf3 d5 2. c4 e6 3. g3 Nf6 4. Bg2 c5 5. b3 Nc6 6. Bb2 Be7 7. O-O O-O 8. e3 d4 9. exd4 cxd4 10. Re1 Bc5 11. a3 a5 12. Ne5 Nxe5 13. Rxe5 Nd7 14. Rh5 e5 15. d3 Ra6 16. Rh4 Nf6 17. Qd2 Qb6 18. Qd1 g5 19. Rh6 Kg7 20. h4 Kxh6 21. Qd2 Kg7 22. Qxg5+ Kh8 23. Qxe5 Re8 24. Qf4 Qxb3 25. Bxd4 Bxd4 26. Qxd4 Qd1+ 27. Kh2 Kg8 28. f3 Qe1 29. Qc5 Qe5 30. Qxe5 Rxe5 31. Nc3 Re3 32. Na4 Rd6 33. Nc5 b6 34. Ne4 Nxe4 35. dxe4 Rc3 0-1

[Event "Gatineau op U2000"]
[Site "Gatineau CAN"]
[Date "2025.04.12"]
[Round "2.36"]
[White "Yergeau, Simon"]
[Black "Courtemanche, Marc"]
[Result "1-0"]
[WhiteElo "1676"]
[BlackElo "1840"]
[WhiteFideId "-1"]
[WhiteFideId "-1"]
[PlyCount "115"]
[GameId "2169200006356532"]
[EventDate "2025.04.11"]
[EventType "swiss"]
[EventRounds "5"]
[EventCountry "CAN"]

1. e4 c5 2. Nf3 e6 3. d4 cxd4 4. Nxd4 Nf6 5. Nc3 Nc6 6. Be3 a6 7. Be2 Be7 8. O-O O-O 9. Nb3 b5 10. a3 Bb7 11. f4 d6 12. Bf3 Qc7 13. Qe1 Rfe8 14. Qf2 Nd7 15. Kh1 Rac8 16. Rad1 Nf8 17. Bb6 Qb8 18. Na5 Nxa5 19. Bxa5 Ng6 20. Qg3 Bf6 21. h3 Rc4 22. Rd3 Rec8 23. Rfd1 Be7 24. Bb4 Rd8 25. Ba5 Rd7 26. b3 Rc8 27. R1d2 Rc6 28. Nd1 Bh4 29. Qg4 Be1 30. e5 h5 31. Qg5 d5 32. Bxh5 Bxd2 33. Rxd2 Nf8 34. Be2 d4 35. Bd3 Rc5 36. Bb4 Rcd5 37. Qg4 Qd8 38. Nf2 a5 39. Bxf8 Qxf8 40. Ne4 Qxa3 41. Nf6+ Kf8 42. Nxd7+ Rxd7 43. Bxb5 Rd8 44. Bd3 Qc1+ 45. Qd1 Qa3 46. Kh2 Qe7 47. Qe1 g6 48. Rf2 Qh4 49. g3 Qh6 50. Qxa5 Rd7 51. Bb5 Rd5 52. Qb6 Bc8 53. Qb8 Rxb5 54. Qxb5 Kg7 55. Rd2 g5 56. Rxd4 f6 57. exf6+ Kh7 58. Qxg5 1-0

[Event "Gatineau op U2000"]
[Site "Gatineau CAN"]
[Date "2025.04.12"]
[Round "2.37"]
[White "Brassard, Sylvain"]
[Black "Song, Jiacai"]
[Result "1-0"]
[WhiteElo "1767"]
[BlackElo "1662"]
[WhiteFideId "-1"]
[WhiteFideId "-1"]
[PlyCount "117"]
[GameId "2169208727973439"]
[EventDate "2025.04.11"]
[EventType "swiss"]
[EventRounds "5"]
[EventCountry "CAN"]

1. d4 Nf6 2. Nf3 g6 3. g3 Bg7 4. Bg2 d5 5. O-O O-O 6. c4 c6 7. b3 a5 8. Nc3 Be6 9. Ne5 Nbd7 10. cxd5 cxd5 11. Bb2 Nb6 12. Nd3 Bd7 13. Ne5 e6 14. Qd3 Qe7 15. Nxd7 Qxd7 16. Qb5 Qd6 17. a4 Rfc8 18. Rfc1 Qd8 19. Ba3 Nfd7 20. e3 Bf8 21. Bxf8 Kxf8 22. Ne2 Rxc1+ 23. Rxc1 Qe7 24. Rc7 Ra7 25. Nf4 Qd6 26. Rc3 Ke7 27. Qe2 Nf6 28. Qc2 Na8 29. Nd3 Nd7 30. Nc5 Nxc5 31. Rxc5 b6 32. Rc3 Rc7 33. e4 Rxc3 34. Qxc3 Nc7 35. exd5 Nxd5 36. Bxd5 exd5 37. Qe3+ Qe6 38. Qxe6+ fxe6 39. f4 Kf6 40. Kf2 Kf5 41. Kf3 h5 42. h3 Kf6 43. Kf2 Kf5 44. Ke3 Kf6 45. g4 h4 46. g5+ Kf7 47. Kf3 e5 48. fxe5 Ke7 49. Kg4 Ke6 50. Kxh4 Kf5 51. e6 Kxe6 52. Kg4 Kf7 53. h4 Ke6 54. h5 gxh5+ 55. Kxh5 Kf7 56. Kh6 Kg8 57. Kg6 Kf8 58. Kf6 Kg8 59. Ke6 1-0

[Event "Gatineau op U2000"]
[Site "Gatineau CAN"]
[Date "2025.04.12"]
[Round "2.38"]
[White "Rauch, Damian"]
[Black "Mothupi, Tebatso Ephraim"]
[Result "1/2-1/2"]
[WhiteElo "1577"]
[BlackElo "1765"]
[WhiteFideId "-1"]
[WhiteFideId "-1"]
[PlyCount "79"]
[GameId "2169210913701447"]
[EventDate "2025.04.11"]
[EventType "swiss"]
[EventRounds "5"]
[EventCountry "CAN"]

1. e4 c6 2. Nc3 d5 3. Nf3 dxe4 4. Nxe4 Nf6 5. Nxf6+ exf6 6. d4 Bd6 7. Be2 Be6 8. O-O O-O 9. c4 Re8 10. Be3 Nd7 11. Qd2 Nf8 12. b4 Ng6 13. c5 Bf8 14. a4 a6 15. b5 axb5 16. axb5 Ne7 17. bxc6 bxc6 18. Ba6 Nd5 19. Bb7 Rxa1 20. Rxa1 Qc7 21. Ba8 Bg4 22. Qa5 Bxf3 23. gxf3 Qd7 24. Qa7 Nc7 25. Bb7 Nb5 26. Qb6 Nxd4 27. Bxd4 Qxd4 28. Rc1 Re2 29. Rf1 Bxc5 30. Qxc6 g6 31. Qd5 Rxf2 32. Qxd4 Rxf1+ 33. Kxf1 Bxd4 34. h3 g5 35. Be4 h5 36. Ke2 Kf8 37. Kd3 Bc5 38. Kc4 Ba7 39. Kd5 Ke7 40. Bf5 1/2-1/2

[Event "Gatineau op U2000"]
[Site "Gatineau CAN"]
[Date "2025.04.12"]
[Round "2.39"]
[White "Perkins, Simon"]
[Black "Brule, Daniel"]
[Result "0-1"]
[Annotator "hugh_"]
[WhiteElo "1668"]
[BlackElo "1916"]
[WhiteFideId "-1"]
[WhiteFideId "-1"]
[PlyCount "52"]
[GameId "2169215245987407"]
[EventDate "2025.04.11"]
[EventType "swiss"]
[EventRounds "5"]
[EventCountry "CAN"]

1. d4 d5 2. Nf3 Nf6 3. c4 c6 4. Nc3 Bg4 5. cxd5 Bxf3 6. gxf3 Nxd5 7. e4 Nxc3 8. bxc3 e6 9. Bf4 Be7 10. Bd3 Qa5 11. Qc2 Nd7 12. Rb1 b5 13. Bd2 Qc7 14. e5 f5 15. exf6 Nxf6 16. Bg5 Nd5 17. Bxe7 Qxe7 18. Be4 Rc8 19. Rg1 g6 20. Qd2 Qh4 21. Bxd5 cxd5 22. Rxb5 Qh5 23. Rf1 O-O 24. Qe3 Qh3 25. Rb7 Rb8 26. Rxb8 Rxb8 {etc. (41)} 0-1

[Event "Gatineau op U2000"]
[Site "Gatineau CAN"]
[Date "2025.04.12"]
[Round "2.40"]
[White "Martin, Spencer"]
[Black "Scantland, Patrick"]
[Result "1-0"]
[WhiteElo "1898"]
[BlackElo "1726"]
[WhiteFideId "-1"]
[WhiteFideId "-1"]
[PlyCount "107"]
[GameId "2169409636298330"]
[EventDate "2025.04.11"]
[EventType "swiss"]
[EventRounds "5"]
[EventCountry "CAN"]

1. Nc3 c5 2. e4 Nc6 3. f4 g6 4. Nf3 d6 5. Bc4 e6 6. O-O Bg7 7. Ne2 Nge7 8. c3 a6 9. a4 d5 10. Bd3 c4 11. Bc2 O-O 12. d4 cxd3 13. Bxd3 dxe4 14. Bxe4 Qb6+ 15. Kh1 Rd8 16. Qe1 f5 17. Bc2 Nd5 18. Qf2 Qxf2 19. Rxf2 Bd7 20. Bd2 Rac8 21. Bb3 Be8 22. Re1 Na5 23. Bd1 Nc4 24. Bc1 Nde3 25. Bxe3 Nxe3 26. Bb3 Nc4 27. Ned4 Bxd4 28. Nxd4 Bf7 29. Nxe6 Re8 30. Rfe2 b5 31. axb5 axb5 32. Nd4 Rxe2 33. Rxe2 Ra8 34. h3 Nd6 35. Bxf7+ Kxf7 36. Nc6 Ne4 37. Rc2 h5 38. Ne5+ Kg7 39. c4 h4 40. Nf3 Ng3+ 41. Kg1 Ra1+ 42. Kf2 Rf1+ 43. Ke3 bxc4 44. Rxc4 Ne4 45. Rc2 Kh6 46. Nxh4 Re1+ 47. Re2 Rb1 48. Nf3 Nd6 49. Ne5 g5 50. fxg5+ Kxg5 51. Nf3+ Kf6 52. Kd3 Ne4 53. Kc2 Rf1 54. Nd2 1-0

[Event "Gatineau op U2000"]
[Site "Gatineau CAN"]
[Date "2025.04.12"]
[Round "2.41"]
[White "Zhu, Edison"]
[Black "Knechtel, Thomas"]
[Result "0-1"]
[WhiteElo "1754"]
[BlackElo "1874"]
[WhiteFideId "-1"]
[WhiteFideId "-1"]
[PlyCount "120"]
[GameId "2169412629380709"]
[EventDate "2025.04.11"]
[EventType "swiss"]
[EventRounds "5"]
[EventCountry "CAN"]

1. d4 Nf6 2. c4 e6 3. Nf3 b6 4. g3 Ba6 5. b3 Bb4+ 6. Bd2 Be7 7. Bg2 Bb7 8. Bc3 Ne4 9. O-O Nxc3 10. Nxc3 O-O 11. Qc2 d6 12. Ng5 Bxg5 13. Bxb7 Nd7 14. Bxa8 Qxa8 15. Qe4 Qc8 16. Qg4 Bh6 17. Rad1 g6 18. e4 Bg7 19. Rfe1 Qa6 20. Qe2 Qb7 21. Na4 e5 22. dxe5 Nxe5 23. Nc3 Nc6 24. Nd5 Nd4 25. Qd3 c6 26. Nb4 Qe7 27. e5 dxe5 28. Qxd4 Qxb4 29. Qd7 Qa3 30. Re2 c5 31. Qb7 h5 32. h4 Bf6 33. Rd7 Qc1+ 34. Kg2 Qb1 35. Qxa7 Qf5 36. Qxb6 e4 37. Rdd2 Bxh4 38. Qc6 Bg5 39. Rc2 e3 40. fxe3 Bxe3 41. Qf3 Qxf3+ 42. Kxf3 Bd4 43. Red2 Re8 44. Rd3 Re1 45. b4 g5 46. Rxd4 cxd4 47. c5 Re3+ 48. Kf2 Rc3 49. Rxc3 dxc3 50. Ke2 Kf8 51. b5 Ke7 52. a4 c2 53. Kd2 h4 54. b6 Kd7 55. a5 h3 56. b7 Kc7 57. a6 h2 58. a7 Kxb7 59. c6+ Kxa7 60. c7 Kb7 0-1

[Event "Gatineau op U2000"]
[Site "Gatineau CAN"]
[Date "2025.04.12"]
[Round "2.42"]
[White "Dupont-Mageau, Nicolas"]
[Black "Tan, Shuwen"]
[Result "1-0"]
[WhiteElo "1854"]
[BlackElo "1699"]
[WhiteFideId "-1"]
[WhiteFideId "-1"]
[PlyCount "79"]
[GameId "2169414453821037"]
[EventDate "2025.04.11"]
[EventType "swiss"]
[EventRounds "5"]
[EventCountry "CAN"]

1. e4 d6 2. Nc3 Nf6 3. f4 e5 4. fxe5 dxe5 5. Nf3 Nbd7 6. Bc4 Be7 7. O-O O-O 8. d3 c6 9. Qe1 h6 10. Ne2 Qc7 11. Ng3 b5 12. Bb3 Nc5 13. Nh4 Nxb3 14. axb3 Nh7 15. Ngf5 Bg5 16. Qg3 Kh8 17. Bxg5 hxg5 18. Nf3 Bxf5 19. exf5 f6 20. h4 Qb6+ 21. Kh2 Qe3 22. hxg5 Nxg5 23. Nxg5 Qxg5 24. Qxg5 fxg5 25. Kg3 g6 26. f6 a5 27. Kg4 Kg8 28. Kxg5 Kf7 29. Rh1 Rh8 30. g4 Rhg8 31. Rh7+ Ke6 32. Re7+ Kd6 33. Re1 a4 34. bxa4 bxa4 35. R1xe5 Rab8 36. f7 Rg7 37. R5e6+ Kd5 38. c4+ Kd4 39. Rd7+ Kc5 40. f8=Q+ 1-0

[Event "Gatineau op U2000"]
[Site "Gatineau CAN"]
[Date "2025.04.12"]
[Round "2.43"]
[White "Giroux, Robert"]
[Black "Hum, Justin"]
[Result "0-1"]
[WhiteElo "1826"]
[BlackElo "1639"]
[WhiteFideId "-1"]
[WhiteFideId "-1"]
[PlyCount "170"]
[GameId "2169416040111733"]
[EventDate "2025.04.11"]
[EventType "swiss"]
[EventRounds "5"]
[EventCountry "CAN"]

1. Nf3 d5 2. e3 c5 3. b3 Nc6 4. Bb5 a6 5. Bxc6+ bxc6 6. O-O Bg4 7. d3 f6 8. Nbd2 e5 9. a4 a5 10. h3 Bh5 11. Ba3 Bd6 12. e4 Ne7 13. Qe1 O-O 14. Qe3 Qb6 15. g4 Bf7 16. Nh4 g5 17. Nf5 Nxf5 18. gxf5 Kh8 19. Kh2 Rg8 20. Rg1 Qd8 21. h4 Qf8 22. hxg5 fxg5 23. Qh3 Qg7 24. f3 h5 25. Rg2 Qh6 26. Nf1 Kh7 27. Bc1 Rg7 28. Bd2 Bc7 29. Ne3 d4 30. Nc4 Bxc4 31. bxc4 Rb8 32. Rag1 Bd8 33. f6 Bxf6 34. Qf5+ Qg6 35. Qxg6+ Rxg6 36. Bxg5 Rf8 37. Bd2 Rxg2+ 38. Rxg2 Bh4 39. Kh3 Bd8 40. Rf2 Rf7 41. f4 exf4 42. Rxf4 Rb7 43. Rf5 Rb2 44. Rxh5+ Kg6 45. Rxc5 Rxc2 46. Rxc6+ Kf7 47. Be1 Re2 48. Bh4 Re3+ 49. Kg4 Bxh4 50. Kxh4 Rxd3 51. Kg4 Ra3 52. Kf5 Rxa4 53. Rc7+ Ke8 54. e5 Rb4 55. e6 Rb1 56. Rc8+ Ke7 57. Rc7+ Ke8 58. Rd7 Rf1+ 59. Ke5 Re1+ 60. Kd6 d3 61. Ra7 Kf8 62. Rf7+ Kg8 63. Rf2 Re2 64. Rf3 d2 65. Rd3 a4 66. c5 a3 67. c6 a2 68. c7 a1=Q 69. c8=Q+ Kh7 70. Rh3+ Kg6 71. Qg8+ Qg7 72. Rg3+ Kf5 73. Rxg7 d1=Q+ 74. Ke7 Qe1 75. Rg5+ Kf4 76. Rg4+ Kf3 77. Rg6 Qb4+ 78. Kf7 Qb7+ 79. Kf6 Qb2+ 80. Kf7 Qb7+ 81. Kf8 Qb4+ 82. Kg7 Qd4+ 83. Rf6+ Ke3 84. Qf7 Rg2+ 85. Kf8 Qd8+ 0-1

[Event "Gatineau op U2000"]
[Site "Gatineau CAN"]
[Date "2025.04.12"]
[Round "2.44"]
[White "Audouze, Oscar"]
[Black "Mahdjoubi, Abdelaziz"]
[Result "1-0"]
[Annotator "hugh_"]
[WhiteElo "1616"]
[BlackElo "1821"]
[WhiteFideId "-1"]
[WhiteFideId "-1"]
[PlyCount "64"]
[GameId "2169419832942208"]
[EventDate "2025.04.11"]
[EventType "swiss"]
[EventRounds "5"]
[EventCountry "CAN"]

1. d4 d5 2. c4 e6 3. Nc3 c5 4. cxd5 cxd4 5. Qxd4 Nc6 6. Qd1 exd5 7. Nxd5 Nf6 8. Nxf6+ Qxf6 9. a3 Bf5 10. Nf3 Bc5 11. e3 O-O 12. Be2 Rad8 13. Qa4 a6 14. O-O Rfe8 15. Qh4 Qd6 16. b4 Bb6 17. Bb2 Bc2 18. Qg4 f6 19. Bc4+ Kh8 20. Nh4 Ne5 21. Bxe5 Qxe5 22. Rac1 Qe4 23. Qxe4 Bxe4 24. Nf3 Bd3 25. Bxd3 Rxd3 26. a4 Kg8 27. a5 Bd8 28. Rc8 Kf7 29. Nd4 g6 30. Rb8 Bc7 31. Rxb7 Re7 32. g3 Rd2 {etc. (41)} 1-0

[Event "Gatineau op U2000"]
[Site "Gatineau CAN"]
[Date "2025.04.12"]
[Round "2.45"]
[White "Aravinthan, Adhvik"]
[Black "Savard, Alexandre"]
[Result "0-1"]
[WhiteElo "1599"]
[BlackElo "1812"]
[WhiteFideId "-1"]
[WhiteFideId "-1"]
[PlyCount "98"]
[GameId "2169443241415940"]
[EventDate "2025.04.11"]
[EventType "swiss"]
[EventRounds "5"]
[EventCountry "CAN"]

1. e4 c5 2. Nf3 d6 3. Bb5+ Bd7 4. Bxd7+ Qxd7 5. Nc3 Nc6 6. d4 cxd4 7. Nxd4 g6 8. Nxc6 Qxc6 9. Qd4 Nf6 10. Bg5 Bg7 11. O-O-O h6 12. Be3 O-O 13. Qd3 Ng4 14. Nd5 Qd7 15. h3 Ne5 16. Qb3 e6 17. Nf4 Qc6 18. Rd4 b5 19. Nxe6 fxe6 20. Qxe6+ Kh8 21. Qxd6 Qe8 22. Qd5 Nc4 23. e5 Nxe3 24. fxe3 Rf5 25. Re4 Rd8 26. Qc5 Bxe5 27. Qb4 Qf7 28. Qe1 Qxa2 29. c3 Qd5 30. Rh4 Rh5 31. Rg4 Kh7 32. e4 Qd6 33. Rf1 Rf8 34. Rxf8 Qxf8 35. Qe3 Qf7 36. Kc2 Bg7 37. Rf4 Qe7 38. g4 Re5 39. Qf3 b4 40. Rf7 Qe6 41. Rf4 bxc3 42. bxc3 Qa2+ 43. Kd3 Qb1+ 44. Ke2 g5 45. Rf7 Rxe4+ 46. Kd2 Qb2+ 47. Kd3 Qxc3+ 48. Kxe4 Qd4+ 49. Kf5 Qe5# 0-1

[Event "Gatineau op U2000"]
[Site "Gatineau CAN"]
[Date "2025.04.12"]
[Round "2.47"]
[White "Echavarria-Hidalgo, Fernando"]
[Black "Ishii, Subaru"]
[Result "1/2-1/2"]
[WhiteElo "1780"]
[BlackElo "1319"]
[WhiteFideId "-1"]
[WhiteFideId "-1"]
[PlyCount "84"]
[GameId "2169450077648143"]
[EventDate "2025.04.11"]
[EventType "swiss"]
[EventRounds "5"]
[EventCountry "CAN"]

1. e4 e5 2. Nf3 Nc6 3. Bb5 a6 4. Ba4 Nf6 5. O-O Be7 6. Re1 b5 7. Bb3 d6 8. h3 Na5 9. d4 Nxb3 10. axb3 exd4 11. Nxd4 Bb7 12. f3 Nd7 13. b4 Bf6 14. c3 O-O 15. Nd2 d5 16. exd5 Bxd5 17. Ne4 Bxe4 18. Rxe4 Nb6 19. Bf4 Na4 20. Rb1 c5 21. bxc5 Nxc5 22. Re2 Qd5 23. Rd2 Ne6 24. Nxe6 Qxe6 25. Rd6 Qf5 26. Bg3 Rfd8 27. Rxd8+ Rxd8 28. Qe1 Qc2 29. Qc1 Qd3 30. Qe1 h6 31. Ra1 Qc2 32. Qc1 Qxc1+ 33. Rxc1 Rd2 34. Rb1 a5 35. Bc7 a4 36. Ba5 Be5 37. Bb4 Bg3 38. Ba3 g6 39. Rc1 Kg7 40. c4 bxc4 41. Kf1 Rf2+ 42. Kg1 Re2 1/2-1/2

[Event "Gatineau op U2000"]
[Site "Gatineau CAN"]
[Date "2025.04.12"]
[Round "2.48"]
[White "Liu, Zipei"]
[Black "Stelmach, Noah"]
[Result "0-1"]
[WhiteElo "1458"]
[BlackElo "1759"]
[WhiteFideId "-1"]
[WhiteFideId "-1"]
[PlyCount "34"]
[GameId "2169452104013079"]
[EventDate "2025.04.11"]
[EventType "swiss"]
[EventRounds "5"]
[EventCountry "CAN"]

1. d4 Nf6 2. c4 e6 3. Nc3 d5 4. Bg5 c6 5. e3 Nbd7 6. Nf3 Qa5 7. Rc1 Ne4 8. Bd3 Nxg5 9. Nxg5 dxc4 10. d5 cxd3 11. Qh5 g6 12. Qf3 f6 13. Nxe6 Be7 14. Qg3 Ne5 15. O-O Bxe6 16. dxe6 O-O-O 17. Rfd1 Nc4 0-1

[Event "Gatineau op U2000"]
[Site "Gatineau CAN"]
[Date "2025.04.12"]
[Round "3.23"]
[White "Sethi, Aaron"]
[Black "Arsenault, Michel"]
[Result "1/2-1/2"]
[WhiteElo "1773"]
[BlackElo "1922"]
[WhiteFideId "-1"]
[WhiteFideId "-1"]
[PlyCount "105"]
[GameId "2172345471374721"]
[EventDate "2025.04.11"]
[EventType "swiss"]
[EventRounds "5"]
[EventCountry "CAN"]

1. e4 c5 2. c3 d5 3. exd5 Qxd5 4. d4 e6 5. Nf3 Nc6 6. Be3 cxd4 7. Nxd4 Nxd4 8. Bxd4 Bd7 9. Nd2 Bc6 10. Qb3 Ne7 11. O-O-O Qxb3 12. Nxb3 Nf5 13. f3 a5 14. Bf2 Be7 15. Nd4 Nxd4 16. Bxd4 O-O 17. Bd3 b5 18. Rhe1 Rfc8 19. Be4 Bxe4 20. Rxe4 b4 21. Kb1 bxc3 22. Bxc3 a4 23. Bb4 Bxb4 24. Rxb4 Rcb8 25. Rxb8+ Rxb8 26. Rd4 Ra8 27. Kc2 Kf8 28. Kc3 Ke7 29. Kb4 e5 30. Rg4 Kf6 31. Ka3 h5 32. Rxa4 Rd8 33. Kb3 Rd2 34. Rh4 Rxg2 35. Rxh5 Re2 36. Rh3 g5 37. Rg3 Kf5 38. a4 Rxh2 39. a5 f6 40. Rg4 Rh3 41. a6 Rxf3+ 42. Kb4 Kxg4 43. a7 Rf4+ 44. Kb5 Rf2 45. a8=Q Rxb2+ 46. Kc4 Rf2 47. Kd3 Rf4 48. Ke3 f5 49. Qg2+ Kh5 50. Qh1+ Kg6 51. Qc6+ Kh5 52. Qh1+ Kg6 53. Qc6+ 1/2-1/2

[Event "Gatineau op U2000"]
[Site "Gatineau CAN"]
[Date "2025.04.12"]
[Round "3.24"]
[White "Cloutier, Simon"]
[Black "Kiryakov, Marin"]
[Result "1/2-1/2"]
[WhiteElo "1709"]
[BlackElo "1884"]
[WhiteFideId "-1"]
[WhiteFideId "-1"]
[PlyCount "101"]
[GameId "2172345471415682"]
[EventDate "2025.04.11"]
[EventType "swiss"]
[EventRounds "5"]
[EventCountry "CAN"]

1. e4 c5 2. Nf3 Nf6 3. e5 Nd5 4. d4 cxd4 5. Qxd4 e6 6. Bc4 Nc6 7. Qe4 f5 8. Qe2 Nde7 9. h4 Ng6 10. Nc3 Qa5 11. Bd2 Bb4 12. O-O-O Ngxe5 13. Nb5 Nxc4 14. Qxc4 Bxd2+ 15. Rxd2 O-O 16. Nd6 b5 17. Qb3 Ba6 18. h5 h6 19. Re1 Qb6 20. Ne5 Nxe5 21. Rxe5 Kh8 22. Qg3 Qd8 23. f4 Rb8 24. Qg6 Qf6 25. b4 Rb6 26. Qg3 Bb7 27. Qc3 Bc6 28. g3 Qe7 29. Qc5 Ra6 30. Kb1 Ra4 31. c3 a5 32. Nxb5 Qxc5 33. Rxc5 axb4 34. cxb4 Rxb4+ 35. Rb2 Rxb2+ 36. Kxb2 Rb8 37. a4 Kg8 38. Kc3 Kf7 39. Kc4 Ke7 40. a5 d5+ 41. Kb4 Rxb5+ 42. Rxb5 Bxb5 43. Kxb5 Kd7 44. Kc5 Kc7 45. Kb5 Kb7 46. Ka4 Ka6 47. Kb4 Ka7 48. Ka4 Ka6 49. Kb4 Ka7 50. Ka4 Kb7 51. Kb5 1/2-1/2